000 00997nam a2200241 u 4500
001 000623053
003 AM-YeHGA
005 20250617140119.0
008 081227s1988 ||| r 000 0 rus d
020 _a5283024849
040 _aAM-YeHGA
041 1 _arus
_heng
100 1 _aУильямс, Г.Б.
245 1 0 _aОтладка микропроцессорных систем /
_cГ.Б. Уильямс ; Пер. с англ. В.Л. Григорьева ; Под ред. В.В. Сташина.
260 _aМосква :
_bЭнергоатомиздат,
_c1988.
300 _a253 с. :
_bил.
504 _aСписок лит. с. 250
650 1 4 _aМикропроцессоры - Отладка
650 1 4 _aКонтрольно-измерительные инструменты и приборы в электронном машиностроение
700 1 _aСташин, В.В.
_eред.
_4edt
700 1 _aГригорьев, В.Л.
_eпер.
_4trl
090 _c215230
999 _c213715
_d213715